【プロ野球】 読売ジャイアンツ 旧応援歌 - Statistics

General Stats
  • This quiz has been taken 45 times
  • The average score is 41 of 94
Answer Stats
応援歌 選手名 % Correct
最高の笑顔 見せてくれ〇〇 明るくたくましく 導けよ永久に 阿部慎之助
81%
光り輝き栄冠映える ああ不滅なり 伝統を担う 〇〇〇〇 王貞治
81%
揺るがぬ想いその腕に 魂込めたストレート勝利へ続く道 進め〇〇〇〇 菅野智之
78%
フィールドセンスを魅せつける 男背番号24 弾丸アーチをスタンドへ それぶち込め〇〇 高橋由伸
78%
飛び立とう高く 絆共にして 明日を照らす道広げ 放て君よ今 小笠原道大
78%
嵐を呼べ レッツゴーレッツゴー 勝利を呼べ レッツゴーレッツゴーアーチを架けろ 輝く光浴びて それ行け〇〇 原辰徳
76%
夢があふれる 〇〇野球 スリルスピード スピリット 長嶋茂雄
76%
さあいざ行け Go Go目覚めよ 届いた想い力に変えてさあいざ行け 見せてくれ頂を 信じて挑め〇〇〇〇 秋広優人
73%
天翔けるこの一打 放物線全てをのせて 〇〇〇〇!さあ轟かせ その名をこの世界に 中田翔
73%
光り輝く明日を見せる その広い背中 オォ〇〇 オォ〇〇 オォ誇り高く ラミレス
73%
楽をしてもクロウクロウ 苦労してもクロウクロウおまえが打たなきゃ 明日は雨 〇〇 クロマティ
73%
オー 〇〇! 誇り高き戦士よ 雄々しく戦い抜け  覚悟示し己の途を 信じ突き進め 梶谷隆幸
70%
燃えろ〇〇キラリ光る 星だ行けよ花道火を噴けバット勝利の ミサイルホームラン 松井秀喜
70%
掴み取れ夢を 駆け巡れグラウンド歓喜の渦へチーム導け 魅せろ〇〇 松原聖弥
68%
夢は大きく高らかに 輝け〇〇!まだ見ぬ境地目指して 全力で突っ走れ 若林晃弘
68%
いつでもどこでも君は 輝く僕らのヒーロー ライトへ(GO!)レフトへ(GO!)Let's fight 〇〇飛ばせ! ウォーカー
65%
吠えろ〇〇 不屈の戦士狙い定め叩け振り抜け さあ勝利の雄叫びだ 中島宏之
65%
どこまでも駆け抜けろ 地平の彼方目指し〇〇がむしゃらに 追い続けろ 亀井善行
65%
青き力抱き 敵の包囲打ち破れ激しく稲光れ 〇〇〇〇 松本哲也
65%
声の限り力の限り 応援し続けるから 気持ち一つに立ち向かえ 夢叶うとき 脇谷亮太
62%
熱きアジアの大砲に 熱き魂を込めた この歌よ届け ホームラン〇〇〇〇 李承燁
62%
立ち向かえ羽ばたけ 夢と希望握りしめバットで脚で GO!GO!GO! かき回せ 立岡宗一郎
59%
陽気な笑顔の太陽 パワフルハッスルワンダフル振り抜いてぶちかませ ガッツだファイトだ〇〇 ウィーラー
59%
遠く強く飛ばせ 振り抜け走り出せ 飛び込めつかみ取れ 魅せる男〇〇〇〇 陽岱鋼
59%
お前の振り抜く打球は 灼熱の炎を宿す今だ打てよ打てよ〇〇 遥かカリブの空へ ゲレーロ
59%
スタンドを虜にする姿 いつでもそういつまでもこの想い歌い続け 〇〇共に歩もう 二岡智宏
59%
勝利の一撃 空高く放り込めバットに夢乗せて ホームラン〇〇 清原和博
59%
熱く熱く強く 雄叫びともに燃えろ燃えろ〇〇 掴めその手で 松田宣浩
57%
走れ走れ走れ 誰よりも速く スタートスタート〇〇 稲妻継承 鈴木尚広
57%
大海原で暴れろ吠えろ キング〇〇〇〇大地揺るがすそのパワー 遥か彼方 ローズ
57%
千の夢を胸に秘めた 勝利の申し子その英知とその力で 我等を導け 小久保裕紀
57%
勝利運ぶ一撃 気迫のスイング一振り闘志燃やし担え巨人を 背番号8 仁志敏久
57%
豪快スイングで お前が打線の起爆剤 我らの導火線に 火をつけてくれ〇〇 石川慎吾
54%
ボールに乗せた 僕らの希望 〇〇が打ち高く高く 未来描く 田中俊太
54%
WIN ROAD 進め どこまでも さあ気合をみせろ 全力で立ち向かえ  走り出した君は 誰にも止められない 村田修一
54%
〇〇〇〇 気合の戦士 〇〇〇〇 さぁ立ち上がれ  その心に火をつけて 熱く熱く体を燃やせ  正義のために 愛のために 命を賭けて戦え 矢野謙次
54%
柔能く剛を制す 鍛えた技で かっ飛ばせ かっ飛ばせ かっ飛ばせ〇〇 谷佳知
54%
切り拓いた道の先に 描け理想の姿己の力で挑めよ この舞台で 北村拓己
51%
広角強打で繋げ 未来への架け橋  奏でよう夢のスイング 高く遠くアーチを描け 廣岡大志
51%
狙い澄ました一撃が 勝負を決めるVへの道 拓け〇〇〇〇 木村拓也
51%
届け我らのエール 信じて一球入魂 駆け上がれこのスターダム 〇〇〇〇勝ち抜け 高橋優貴
49%
誰も追えぬ右中間 狙いを定めて 弾き飛ばせ 〇〇〇〇 寺内崇幸
49%
〇〇 GO! 〇〇 キラリ☆輝け 豪打炸裂Victory進めクラッチヒッター マギー
49%
勝利へ導け弾丸ライナー 大空向かって飛んで行けライトへ〇〇レフトへ〇〇 ソレソレホームラン 清水隆行
49%
それ守備は華麗な〇〇 それ根性もあるぜそれ燃えろチャンスだぜ ヒットマン〇〇 川相昌弘
49%
顔はかわいい〇〇 打ったボールは一級品打て打てジャンボだ一発〇〇 ライトスタンドへ 駒田徳広
49%
沸き立つ闘志 みなぎる力 いま解き放て 〇〇〇〇 中井大介
46%
願いを込め 気迫のスイング 力の限りに大空高く かっ飛ばせ ホームラン〇〇 江藤智
46%
それ行け弾けるパワー それ行け閃くセンス右に左に流して ソレソレ〇〇 岡崎郁
46%
7番の凄い奴 鋭い打球をスタンドへそれ行けそれ行け それ行け〇〇 吉村禎章
46%
駆けろ〇〇 疾風の如く 自慢の快足で チャンスを作れ 藤村大介
43%
陽気な笑顔隠された 熱く強い気持ち 〇〇 バモス! 〇〇 バモス! 〇〇コールが鳴り響く  アンダーソン
43%
〇〇 GOGOGO 頼りになるぜ〇〇!キラめく海のように VIVA!〇〇 ロペス
43%
勝利を重ね歴史を刻め 掴め今日の星熱いぜ〇〇世に名を馳せて 行こうぜどこまでも 畠世周
41%
強肩強打 われらの誇り さあ導け〇〇 歓喜の渦へ 橋本到
41%
スピード飛ばせ 快音なびかせ 勇往邁進 進め〇〇 片岡治大
41%
360度の大歓声 期待に応え ゆけ〇〇 實松一成
41%
華麗に魅せるその雄姿 ダイヤモンド駆けめぐれ積み重ねた技で 今だ決めろ〇〇 井端弘和
41%
それ行けそれ行け それ行け〇〇男だ 大地を踏みしめ 〇〇勇ましく 村田真一
41%
燃えろ〇〇男なら ここで一発〇〇カットバセよ カットバセよ レフトスタンドへ 中畑清
41%
それ行けそれ行け〇〇 首位打者目指して〇〇右に左に〇〇 頼むぞかっ飛ばせ〇〇 篠塚和典
38%
背中で語る 漢の生き様 恐れずに突き進み 輝け〇〇 炭谷銀仁朗
35%
百戦錬磨のキャリア ホームを守れ 戦照らす光 放て〇〇 相川亮二
35%
研ぎ澄まされた その心で 〇〇よ大志を抱き 切り拓け 大田泰示
35%
リアル・ファインヒッター リアル・フルスイング格違いの腕を見せてくれ 〇〇 エドガー
35%
勝負のこの舞台で いざ舞え駆け回れ仲間と己を信じ 泥臭く華麗に 山本泰寛
32%
見せろ〇〇勝利を 掴む一撃右に左にかっ飛ばせ 豪快ホームラン 元木大介
32%
心躍る舞台 夢の大地で輝け 鋭いスイング 〇〇 軌跡を描け セペダ
30%
夢かけるホームラン 我らの願い 届けよ熱い想い 〇〇ともに行こう 大村三郎
30%
シャープに振り抜け〇〇 華麗に巧みに豪快に頼りにしてるぜ 男〇〇決勝打 古城茂幸
30%
黄金左腕がうなる 強打者封じろ〇〇強気の勝負で 頼んだぞ〇〇 工藤公康
30%
放て弾丸ライナー ここまで飛ばせぶちかませ橙魂のスタンドへ 虹を描いて 宇佐見真吾
27%
運命はその手に 思いは胸に 夢は熱く強く たぎれ〇〇 鶴岡一成
27%
勝利の夢を乗せ 希望の空に 右で左で鋭い打球 飛ばせ〇〇 金城龍彦
24%
燃えるハートでナイスリード きらめくバットでホームランV V ロードに輝け それ〇〇アーチだ 大久保博元
24%
努力重ね培った 熱い想い秘め 〇〇 〇〇 〇〇 攻めろ勇猛果敢に 加藤健
19%
鋭いまなざし 大地踏みしめ 燃える闘志込めて 放て!決めろ!〇〇! 石井義人
19%
ぶちかませ〇〇 気合と気迫の一撃 ぶちかませ〇〇 バット一振り根性 大道典嘉
19%
〇〇一振りで 我ら待っているスタンド〇〇ホームラン 見せろ見せろ ドミニカンパワー マルティネス
19%
火を噴く弾丸ライナー 勝利を呼び込む一撃見せろよ気合で振り抜け 我らの〇〇 後藤孝志
19%
ダイヤモンドを駆ける 韋駄天男夢をはこぶランナー われらの〇〇 緒方耕一
19%
陽気な空太陽 楽しくやろうぜみんな生きてりゃほら いい事ほら あるのさきっと グラッデン
16%
ベースを目指せよ韋駄天〇〇 キャッチャー砕け 夢まで飛んで ブイまで走れ スピリットランナー 屋鋪要
16%
燃えて輝け〇〇 ベースまたいでフィールド照らせランナーにらんだ司令塔 ゲームメーカー〇〇 中尾孝義
16%
バットに命吹き込んで 飛ばせここまで〇〇夢を追いかけ それ打てよ〇〇 川中基嗣
11%
力解き放ち 鋭く振り抜けば女神は君についてる 〇〇〇〇(オイ!) 黒田哲史
11%
若さとガッツで敵を撃て 輝くグランド駆け抜けろここまで飛ばせ〇〇 それかっ飛ばせホームラン 堀田一郎
11%
スタンス決まれば 打撃の仁王様ピッチャー震えが止まらない それ行けとどめのホームラン 大森剛
11%
チャンスだチャンスだ ワンチャンスだぜふかせ ふかせ ターボエンジン コトー
8%
空に光る勝利の星を 今掴め若き戦士よ打て打て〇〇 大空高く 斉藤宣之
3%
キリリと眉を寄せる 男の顔は履歴書なのだ恋を 愛を 夢を みんな 掴め優勝だ ブラウン
3%
燃えろ〇〇それ行け 男の運命だ 気迫だ闘志だ青春だ それ一気に突撃だ 上田和明
3%
たのむぞ左殺し チャンスの女神だ〇〇明日に虹 明日に夢 架けろよまかせたぜ 西岡良洋
3%
つかめよチャンス ゆくぞ男の意地だ勝呂男ならでっかい 一発かませ 勝呂博憲
0%
No matching quizzes found
Score Distribution
Percent of People with Each Score
Percentile by Number Answered
Your Score History
You have not taken this quiz